000 00266nam a22001097a 4500
008 160510b xxu||||| |||| 00| 0 eng d
020 _a0534467776
041 _aeng
080 _a547
245 _aOrganic chemistry:
_cBrent Iversonl; Sheila Iverson;
942 _2udc
_cBK
999 _c1990
_d1990